Statistiche per Indovina il circuito di F1 dagli indizi

Clicka qui per fare il quiz!

Statistiche generali

  • Questo quiz è stato fatto 234 volte
  • Il punteggio medio è 7 su 15

Statistiche sulle risposte

HintRisposta% Corretto
Circuito più lento del mondialeMonaco
81%
Circuito più lungo del mondialeSpa
77%
Circuito dove si è corsa la gara più calda
della Formula 1
Bahrain
70%
Circuito dove si corse la prima gara storica del mondiale di
Formula 1
Silverstone
66%
Circuito che ha ospitato Gran Premi con 3 nomi diversi
(tra i quali, il nome di 2 nazioni differenti)
Imola
61%
Circuito cittadino inaugurato nel 2022Miami
61%
Circuito con maggior numero di curve nel
mondiale
Jeddah
54%
Circuito che ha il nome di una bevandaRedbull ring
54%
Circuito con curve sopraelevate e sali-scendiZandvoort
40%
Circuito modificato per avere 4 zone DRS
(la quarta rimossa il giorno prima dell'ultima
gara in questo tracciato)
Australia
36%
Circuito cittadino semipermanente intitolato a un grande talento
purtroppo scomparso
Canada
35%
Circuito dove vengono effettuati i test pre-stagionaliSpagna
34%
Circuito col rettilineo più lungo del mondialeAzerbaijan
26%
Circuito dove Piquet fice un sorpasso capolavoro ai danni di
Ayrton Senna
Hungaroring
22%
Circuito ricavato da un vecchio aereoportoPaul RIcard
10%

Distribuzione punteggi

Percentile per numero di risposta

Percentuale di utenti per punteggio

I tuoi punteggi nel tempo

Non hai fatto questo quiz